Brihad anubad chandrika (Record no. 9351)
[ view plain ]
| 000 -LEADER | |
|---|---|
| fixed length control field | 00572cam a2200205ua 4500 |
| 001 - CONTROL NUMBER | |
| control field | 10370 |
| 005 - DATE AND TIME OF LATEST TRANSACTION | |
| control field | 20260515114620.0 |
| 008 - FIXED-LENGTH DATA ELEMENTS--GENERAL INFORMATION | |
| fixed length control field | 180719n ii |||gr||||Z||||||hin |
| 020 ## - INTERNATIONAL STANDARD BOOK NUMBER | |
| International Standard Book Number | 9788120821149 |
| 020 ## - INTERNATIONAL STANDARD BOOK NUMBER | |
| International Standard Book Number | 9788120821156 |
| 040 ## - CATALOGING SOURCE | |
| Transcribing agency | MAIN |
| 041 ## - LANGUAGE CODE | |
| Language code of text/sound track or separate title | hin |
| 082 ## - DEWEY DECIMAL CLASSIFICATION NUMBER | |
| Classification number | 418.02 |
| 100 ## - MAIN ENTRY--PERSONAL NAME | |
| Personal name | Shastri, Chakradhar Nautiyal Hansh, |
| Relator term | Author. |
| 245 ## - TITLE STATEMENT | |
| Title | Brihad anubad chandrika |
| Statement of responsibility, etc. | By Chakradhar Nautiyal Hansh Shastri |
| 260 ## - PUBLICATION, DISTRIBUTION, ETC. | |
| Place of publication, distribution, etc. | Delhi: |
| Name of publisher, distributor, etc. | Motilal banarasidas, |
| Date of publication, distribution, etc. | 2016. |
| 653 ## - INDEX TERM--UNCONTROLLED | |
| Uncontrolled term | Standard usage & applied linguistics |
| 653 ## - INDEX TERM--UNCONTROLLED | |
| Uncontrolled term | Hindi translation |
| 942 ## - ADDED ENTRY ELEMENTS (KOHA) | |
| Koha item type | Books |
| Withdrawn status | Lost status | Damaged status | Not for loan | Home library | Current library | Shelving location | Date acquired | Total checkouts | Full call number | Barcode | Date last seen | Copy number | Price effective from | Koha item type |
|---|---|---|---|---|---|---|---|---|---|---|---|---|---|---|
| Naharkatiya College Library | Naharkatiya College Library | General stacks | 09/19/2020 | 418.02 | SHA | 24039 | 09/19/2020 | 1 | 09/19/2020 | Books |